Sports Quiz

Random Sports or NCAA Quiz

I-A 2000-Yard Rushers Quiz Stats

 Plays Quiz Updated Jan 13, 2020

Support Sporcle.
Go Orange.
Score 0/29 Timer 03:00
0 Plays Today
School (Year) Player % Correct
Oklahoma State (1988)Barry Sanders
87.5%
Texas (1998)Ricky Williams
80.7%
TCU (2000)LaDainian Tomlinson
78.9%
Boston College (2013)Andre Williams
68.9%
Rutgers (2007)Ray Rice
68.1%
Penn State (2002)Larry Johnson
64%
Alabama (2015)Derrick Henry
61.9%
Wisconsin (2019)Jonathan Taylor
61.4%
Wisconsin (2014)Melvin Gordon
57.2%
USC (1981)Marcus Allen
54.2%
UCF (2007)Kevin Smith
54%
UConn (2008)Donald Brown
53.1%
Wisconsin (2018)Jonathan Taylor
52.2%
Stanford (2015)Christian McCaffrey
46.3%
Oklahoma St. (2019)Chuba Hubbard
43.5%
School (Year) Player % Correct
Stanford (2017)Bryce Love
42.3%
Ohio State (2019)J.K. Dobbins
41.1%
Colorado (1994)Rashaan Salaam
37.2%
Tulane (2007)Matt Forte
36.2%
San Diego State (2017)Rashaad Penny
33.6%
Nebraska (1983)Mike Rozier
24.6%
Iowa State (1996)Troy Davis
22.3%
Iowa State (1995)Troy Davis
22.3%
San Diego State (2016)Donnel Pumphrey
19.7%
Indiana (2014)Tevin Coleman
19.5%
Texas (2016)D'Onta Foreman
17.5%
California (2004)J.J. Arrington
17.2%
Navy (2019)Macolm Perry
9.5%
Texas Tech (1996)Byron Hanspard
7.2%

From the Vault

Video Game Music with Vocals

by Gjarble

Gaming 15m
With the right video game, you can just hum along.
Remove Ads.
Support Sporcle.
Get the best of Sporcle when you Go Orange. This ad-free experience offers more features, more stats, and more fun while also helping to support Sporcle. Thank you for becoming a member.

Show Comments

Extras

Top Quizzes Today


Score Distribution

Your Account Isn't Verified!

In order to create a playlist on Sporcle, you need to verify the email address you used during registration. Go to your Sporcle Settings to finish the process.

Report this User

Report this user for behavior that violates our Community Guidelines.

Details: